000 00542nam a22001217a 4500
040 _cRUA
082 _aRUA កសក 2013 C051 Or.
100 _aក្រសួងកសិកម្ម រុក្ខាប្រមាញ់ និងនេសាទ ខែធ្នូ​ ឆ្នាំ២០១១
245 _aផែនការយុទ្ធសាស្រ្តអភិវឌ្ឍន៍វិស័យកសិកម្ម ២០០៩-២០១៣
260 _aPHNOM PENH
_bRUA
_c2013
300 _a65p.
_bill.
_c29cm.
942 _cREC
999 _c25507
_d25507